Score 0/25 Timer 03:00
0 Plays Today
Clue Answer % Correct
Puff the Magic _____Dragon
91.4%
____ and the BlowfishHootie
88.6%
I'm _____ of a White ChristmasDreaming
87.4%
It's Always ____ in PhiladelphiaSunny
86.9%
I'm kind of a ___ dealBig
84.5%
A Hard Day's _____Night
82.2%
Press Your ____Luck
73.9%
Super ____ WorldMario
73.1%
I see a ___ door and I wanted it painted blackRed
70.3%
In the Mood for ____Love
64.2%
Little _____ Big WorldPeople
62%
Tears for _____Fears
59.2%
Don't Tell Mom the _____ DeadBabysitter's
57.2%
Clue Answer % Correct
Seven ____ for Seven BrothersBrides
55.2%
Infield ___ RuleFly
50.5%
Joe Versus the _____Volcano
50.1%
Flight of the _____Conchords
50%
Bette Davis ____Eyes
48%
Love in the Time of _____Cholera
42.1%
The Merry Wives of _____Windsor
41.3%
Ich bin ein _____Berliner
39.5%
The Hunger ____Games
39.3%
____ Dome ScandalTeapot
25.6%
Riders in the ____Sky
16.9%
______ BeefheartCaptain
14.4%

Today's Daily Dose

Remove Ads.
Support Sporcle.
Get the best of Sporcle when you Go Orange. This ad-free experience offers more features, more stats, and more fun while also helping to support Sporcle. Thank you for becoming a member.

You're not logged in!

Compare scores with friends on all Sporcle quizzes.
OR
Log In

Show Comments

Extras

Top Quizzes Today


Score Distribution

Your Account Isn't Verified!

In order to create a playlist on Sporcle, you need to verify the email address you used during registration. Go to your Sporcle Settings to finish the process.

Report this User

Report this user for behavior that violates our Community Guidelines.

Details: